[Event "Budapest-chT1 Lilienthal 1718"]
[Site "Budapest"]
[Date "2018.02.11"]
[Round "9"]
[White "Dolgener, Tobias"]
[Black "Bokros, Istvan"]
[Result "1/2-1/2"]
[WhiteElo "2221"]
[BlackElo "2091"]
[PlyCount "37"]
[EventDate "2017.10.01"]
[EventType "team-tourn"]
[EventRounds "13"]
[EventCountry "HUN"]
[SourceTitle "EXT 2021"]
[Source "ChessBase"]
[SourceDate "2020.10.23"]
[SourceVersion "1"]
[SourceVersionDate "2020.10.23"]
[SourceQuality "1"]
[WhiteTeam "Fabulon"]
[BlackTeam "Mattolda"]
[WhiteTeamCountry "HUN"]
[BlackTeamCountry "HUN"]

1. e4 c5 2. Nf3 Nc6 3. d4 cxd4 4. Nxd4 g6 5. c4 Nf6 6. Nc3 Nxd4 7. Qxd4 d6 8. Bg5 Bg7 9. Be2 0-0 10. Qd2 Qa5 11. 0-0 Be6 12. Rac1 Rfc8 13. b3 a6 14. f3 b5 15. Nd5 Qxd2 16. Bxd2 Nxd5 17. cxd5 Bd7 18. Rxc8+ Rxc8 19. Rc1 1/2-1/2

[Event "Budapest FS07 IM"]
[Site "Budapest"]
[Date "2014.07.10"]
[Round "6"]
[White "Dolgener, Tobias"]
[Black "Nyland, Thomas"]
[Result "1-0"]
[WhiteElo "2173"]
[BlackElo "2052"]
[PlyCount "75"]
[EventDate "2014.07.05"]
[EventType "tourn"]
[EventRounds "11"]
[EventCountry "HUN"]
[EventCategory "1"]
[SourceTitle "CBM 161 Extra"]
[Source "ChessBase"]
[SourceDate "2014.08.29"]
[SourceVersion "1"]
[SourceVersionDate "2014.08.29"]
[SourceQuality "1"]

1. e4 e5 2. Nf3 Nc6 3. Bb5 Nf6 4. d3 Bc5 5. c3 0-0 6. Bxc6 bxc6 7. Nxe5 d5 8. d4 Re8 9. 0-0 Nxe4 10. Nxc6 Qf6 11. dxc5 Qxc6 12. b4 Ba6 13. Re1 Qf6 14. Be3 Nxc3 15. Nxc3 Qxc3 16. Qxd5 Qxb4 17. Rab1 Qa4 18. Red1 h6 19. h3 c6 20. Qb3 Qe4 21. Rd4 Qe6 22. Qc3 Qg6 23. Rb2 Re4 24. Rd6 Re6 25. Rxe6 Qxe6 26. Rd2 Rb8 27. Rd6 Qxa2 28. Bxh6 Qb1+ 29. Kh2 Qh7 30. Bf4 Qf5 31. Qd4 Bb5 32. g4 Qc2 33. Be5 f6 34. Rxf6 gxf6 35. Bxb8 a5 36. Qxf6 Qxc5 37. Be5 Qa7 38. Qh8+ 1-0

[Event "Budapest FS07 IM"]
[Site "Budapest"]
[Date "2014.07.06"]
[Round "2"]
[White "Dolgener, Tobias"]
[Black "Lyell, Mark"]
[Result "1/2-1/2"]
[WhiteElo "2173"]
[BlackElo "2260"]
[PlyCount "92"]
[EventDate "2014.07.05"]
[EventType "tourn"]
[EventRounds "11"]
[EventCountry "HUN"]
[EventCategory "1"]
[SourceTitle "EXT 2015"]
[Source "ChessBase"]
[SourceDate "2014.11.20"]
[SourceVersion "1"]
[SourceVersionDate "2014.11.20"]
[SourceQuality "1"]

1. e4 c6 2. d4 d5 3. exd5 cxd5 4. c4 Nf6 5. Nc3 Nc6 6. Nf3 g6 7. cxd5 Nxd5 8. Qb3 Nxc3 9. Bc4 Nd5 10. Bxd5 e6 11. Bxc6+ bxc6 12. 0-0 Qd5 13. Qa4 Bg7 14. Qa3 Bf8 15. Qa4 Qb5 16. Qc2 Bg7 17. Bf4 0-0 18. Rac1 Rd8 19. Rfd1 Bb7 20. Rd3 Qf5 21. Qd2 Rd5 22. h3 h5 23. Rb3 Rb5 24. Rxb5 cxb5 25. Ne5 Rd8 26. Qe3 Rc8 27. Rxc8+ Bxc8 28. Nc6 Bf6 29. Be5 Bd7 30. Bxf6 Bxc6 31. Qg5 Qxg5 32. Bxg5 Kg7 33. Be7 f6 34. f4 Kf7 35. Bd8 h4 36. Kf2 Bd5 37. a3 Be4 38. g3 hxg3+ 39. Kxg3 Bf5 40. h4 Be4 41. Kf2 f5 42. d5 Bxd5 43. Ke3 e5 44. fxe5 Ke6 45. Kf4 Be4 46. Ba5 Bc2 1/2-1/2

[Event "Budapest-chT1 Lilienthal 1314"]
[Site "Budapest"]
[Date "2014.03.09"]
[Round "9"]
[White "Palla, Akos Botond"]
[Black "Dolgener, Tobias"]
[Result "1/2-1/2"]
[WhiteElo "2076"]
[BlackElo "2183"]
[PlyCount "21"]
[EventDate "2013.09.29"]
[EventType "team-tourn"]
[EventRounds "11"]
[EventCountry "HUN"]
[SourceTitle "EXT 2021"]
[Source "ChessBase"]
[SourceDate "2020.10.23"]
[SourceVersion "1"]
[SourceVersionDate "2020.10.23"]
[SourceQuality "1"]
[WhiteTeam "Sarkany II"]
[BlackTeam "Fabulon"]
[WhiteTeamCountry "HUN"]
[BlackTeamCountry "HUN"]

1. e4 c5 2. Nf3 Nc6 3. d4 cxd4 4. Nxd4 e5 5. Nb5 d6 6. Bc4 Nf6 7. Bg5 Qa5+ 8. Bd2 Qd8 9. Bg5 Qa5+ 10. Bd2 Qd8 11. Bg5 1/2-1/2

[Event "Budapest-chT1 Lilienthal 1213"]
[Site "Budapest"]
[Date "2013.04.14"]
[Round "10"]
[White "Dolgener, Tobias"]
[Black "Veres, Istvan"]
[Result "1/2-1/2"]
[WhiteElo "2220"]
[BlackElo "2012"]
[PlyCount "48"]
[EventDate "2012.09.30"]
[EventType "team-tourn"]
[EventRounds "11"]
[EventCountry "HUN"]
[SourceTitle "EXT 2019"]
[Source "ChessBase"]
[SourceDate "2018.10.10"]
[SourceVersion "1"]
[SourceVersionDate "2018.10.10"]
[SourceQuality "1"]
[WhiteTeam "Fabulon"]
[BlackTeam "Budapest Ujpest KSE"]
[WhiteTeamCountry "HUN"]
[BlackTeamCountry "HUN"]

1. e4 c5 2. Nf3 Nc6 3. d4 cxd4 4. Nxd4 Nf6 5. Nc3 e5 6. Ndb5 d6 7. Bg5 a6 8. Na3 b5 9. Nd5 Qa5+ 10. Bd2 Qd8 11. c4 Nxe4 12. cxb5 Nd4 13. b6 Rb8 14. Be3 Be7 15. Nc7+ Kf8 16. Bxd4 exd4 17. Qxd4 Nc5 18. Nc4 Ne6 19. Nxe6+ Bxe6 20. Rd1 d5 21. Ne3 Qxb6 22. Qxb6 Rxb6 23. Nxd5 Rxb2 24. Nxe7 Kxe7 1/2-1/2

[Event "Budapest FS03 IM"]
[Site "Budapest"]
[Date "2013.03.06"]
[Round "4"]
[White "Keschitz, Gyorgy"]
[Black "Dolgener, Tobias"]
[Result "1/2-1/2"]
[WhiteElo "2223"]
[BlackElo "2220"]
[PlyCount "43"]
[EventDate "2013.03.02"]
[EventType "tourn"]
[EventRounds "9"]
[EventCountry "HUN"]
[SourceTitle "CBM 153 Extra"]
[Source "ChessBase"]
[SourceDate "2013.04.22"]
[SourceVersion "1"]
[SourceVersionDate "2013.04.22"]
[SourceQuality "1"]

1. e4 c5 2. Nf3 Nc6 3. d4 cxd4 4. Nxd4 Qb6 5. Nb3 Nf6 6. Nc3 e6 7. Bd3 a6 8. 0-0 d6 9. Be3 Qc7 10. f4 Be7 11. Qf3 0-0 12. g4 b5 13. g5 Nd7 14. Ne2 Bb7 15. Qh3 Nb4 16. Ned4 Nc5 17. Nxc5 dxc5 18. Nxe6 fxe6 19. Qxe6+ Kh8 20. a3 Bc8 21. Qb3 c4 22. Qc3 1/2-1/2

[Event "Budapest-chT1 Lilienthal 1213"]
[Site "Budapest"]
[Date "2012.10.14"]
[Round "2"]
[White "Vitalyos, Marton"]
[Black "Dolgener, Tobias"]
[Result "1/2-1/2"]
[WhiteElo "1956"]
[BlackElo "2220"]
[PlyCount "43"]
[EventDate "2012.09.30"]
[EventType "team-tourn"]
[EventRounds "11"]
[EventCountry "HUN"]
[SourceTitle "EXT 2019"]
[Source "ChessBase"]
[SourceDate "2018.10.10"]
[SourceVersion "1"]
[SourceVersionDate "2018.10.10"]
[SourceQuality "1"]
[WhiteTeam "Taban Spartacus II"]
[BlackTeam "Fabulon"]
[WhiteTeamCountry "HUN"]
[BlackTeamCountry "HUN"]

1. e4 c5 2. c3 d5 3. exd5 Qxd5 4. d4 Nc6 5. Nf3 Bg4 6. Be2 cxd4 7. cxd4 e6 8. Nc3 Qd6 9. Qa4 Nf6 10. Bg5 Be7 11. Bxf6 Bxf6 12. Ne4 Qb4+ 13. Qxb4 Nxb4 14. Nxf6+ gxf6 15. 0-0 0-0-0 16. Rac1+ Kb8 17. Rc4 Nc6 18. Rd1 Rd6 19. h3 Bxf3 20. Bxf3 Ne7 21. Rdc1 Rhd8 22. Bxb7 1/2-1/2

[Event "Budapest FS06 IM-B"]
[Site "Budapest"]
[Date "2012.06.04"]
[Round "3"]
[White "Dolgener, Tobias"]
[Black "Lengyel, Bela"]
[Result "1/2-1/2"]
[WhiteElo "2215"]
[BlackElo "2260"]
[PlyCount "25"]
[EventDate "2012.06.02"]
[EventType "tourn"]
[EventRounds "9"]
[EventCountry "HUN"]
[SourceTitle "CBM 148 Extra"]
[Source "ChessBase"]
[SourceDate "2012.06.22"]
[SourceVersion "1"]
[SourceVersionDate "2012.06.22"]
[SourceQuality "1"]

1. d4 d5 2. c4 e6 3. Nc3 Nf6 4. cxd5 exd5 5. Bg5 Nbd7 6. e3 Be7 7. Qc2 0-0 8. Bd3 Re8 9. Nge2 Nf8 10. 0-0 c6 11. f3 g6 12. Rad1 Ne6 13. Bh4 1/2-1/2

[Event "Budapest FS05 IM"]
[Site "Budapest"]
[Date "2012.05.06"]
[Round "2"]
[White "Dolgener, Tobias"]
[Black "Gledura, Benjamin"]
[Result "1/2-1/2"]
[WhiteElo "2215"]
[BlackElo "2312"]
[PlyCount "79"]
[EventDate "2012.05.05"]
[EventType "tourn"]
[EventRounds "11"]
[EventCountry "HUN"]
[EventCategory "1"]
[SourceTitle "CBM 148 Extra"]
[Source "ChessBase"]
[SourceDate "2012.06.22"]
[SourceVersion "1"]
[SourceVersionDate "2012.06.22"]
[SourceQuality "1"]

1. e4 c6 2. d4 d5 3. exd5 cxd5 4. c3 Qc7 5. h3 Nc6 6. Nf3 Bf5 7. Bb5 a6 8. Qa4 Rc8 9. Bxc6+ Qxc6 10. Qxc6+ Rxc6 11. Ne5 Rc8 12. g4 Bg6 13. Bf4 f6 14. Nxg6 hxg6 15. Nd2 e6 16. Ke2 Kd7 17. Rae1 g5 18. Bg3 Bd6 19. Bxd6 Kxd6 20. Nf3 Ne7 21. h4 gxh4 22. Nxh4 g5 23. Ng2 Ng6 24. Rh5 b5 25. Reh1 a5 26. Rxh8 Rxh8 27. Rxh8 Nxh8 28. f4 Nf7 29. f5 e5 30. Ne3 Nd8 31. Kd3 Nc6 32. Nc2 exd4 33. cxd4 Nd8 34. a3 Kc6 35. b3 Nf7 36. Ne3 Nd6 37. a4 b4 38. Kc2 Ne4 39. Kd3 Kd6 40. Ke2 1/2-1/2

[Event "Budapest-chT1 Lilienthal 1112"]
[Site "Budapest"]
[Date "2012.02.26"]
[Round "8"]
[White "Dolgener, Tobias"]
[Black "Mincsovics, Miklos"]
[Result "1-0"]
[WhiteElo "2257"]
[BlackElo "2218"]
[PlyCount "119"]
[EventDate "2011.10.02"]
[EventType "team-tourn"]
[EventRounds "11"]
[EventCountry "HUN"]
[SourceTitle "EXT 2020"]
[Source "ChessBase"]
[SourceDate "2019.10.17"]
[SourceVersion "1"]
[SourceVersionDate "2019.10.17"]
[SourceQuality "1"]
[WhiteTeam "Fabulon"]
[BlackTeam "Hid Unio"]
[WhiteTeamCountry "HUN"]
[BlackTeamCountry "HUN"]

1. e4 Nc6 2. Nf3 d6 3. d4 a6 4. h3 Nf6 5. Nc3 e5 6. dxe5 Nxe5 7. Nxe5 dxe5 8. Qxd8+ Kxd8 9. Bg5 c6 10. Bc4 Ke8 11. f4 Bb4 12. 0-0-0 Be6 13. Bxe6 fxe6 14. fxe5 Nd7 15. Ne2 Be7 16. Bf4 Bc5 17. Rd3 Rf8 18. Rhd1 Rf7 19. Bg3 a5 20. Rb3 Ra7 21. Nf4 Nf8 22. a4 Rd7 23. Rxd7 Kxd7 24. Nh5 g6 25. Nf6+ Ke7 26. Bh4 Kf7 27. Rf3 Kg7 28. Ne8+ Kg8 29. Bg5 b6 30. Bh6 Nd7 31. Nf6+ Nxf6 32. Rxf6 Rf7 33. Rxe6 Rf2 34. Rxc6 Re2 35. e6 Be3+ 36. Kb1 Bxh6 37. Rc8+ Kg7 38. e7 Rxe4 39. e8Q Rxe8 40. Rxe8 Kf6 41. c3 Bf4 42. Kc2 Bh2 43. Kd3 Kg5 44. Re6 Bg1 45. b4 axb4 46. cxb4 h5 47. Ke4 Bf2 48. Rd6 Bg1 49. Kf3 Kf5 50. Rd1 Bh2 51. g3 h4 52. gxh4 Bb8 53. Rd5+ Ke6 54. Rb5 Bc7 55. Ke4 Bd8 56. h5 gxh5 57. Rxh5 Kf6 58. a5 bxa5 59. bxa5 Kg6 60. Rb5 1-0

[Event "Budapest FS12 IM"]
[Site "Budapest"]
[Date "2011.12.13"]
[Round "11"]
[White "Dolgener, Tobias"]
[Black "Szeberenyi, Adam"]
[Result "0-1"]
[WhiteElo "2231"]
[BlackElo "2324"]
[PlyCount "150"]
[EventDate "2011.12.03"]
[EventType "tourn"]
[EventRounds "11"]
[EventCountry "HUN"]
[EventCategory "2"]
[SourceTitle "CBM 145 Extra"]
[Source "ChessBase"]
[SourceDate "2012.01.03"]
[SourceVersion "1"]
[SourceVersionDate "2012.01.03"]
[SourceQuality "1"]

1. e4 c5 2. Nf3 d6 3. c3 Nf6 4. Be2 Bd7 5. d3 Bc6 6. 0-0 Nbd7 7. Re1 e6 8. Bf1 c4 9. Nd4 cxd3 10. Nxc6 bxc6 11. Bxd3 Qc7 12. c4 Be7 13. Nc3 0-0 14. Bg5 Rab8 15. b3 Ne5 16. Bf1 d5 17. cxd5 cxd5 18. Rc1 Nfg4 19. Bf4 Qb6 20. Bg3 f5 21. exf5 Bc5 22. Na4 Bxf2+ 23. Kh1 Bxg3 24. Nxb6 Nf2+ 25. Kg1 Nxd1 26. hxg3 Rxf5 27. Rxe5 Rxe5 28. Nd7 Re1 29. Nxb8 d4 30. Rc8+ Kf7 31. Rd8 Ne3 32. Rxd4 Rxf1+ 33. Kh2 e5 34. Re4 Re1 35. Ra4 e4 36. Rxa7+ Kg6 37. g4 Nxg4+ 38. Kg3 h5 39. Nc6 e3 40. Re7 Kf6 41. Re8 Kg5 42. Re7 h4+ 43. Kf3 Rf1+ 44. Ke2 Rf2+ 45. Kd3 Rd2+ 46. Kc3 Rxg2 47. Rxg7+ Kf4 48. Rh7 Kg3 49. Nd4 h3 50. Nf5+ Kf2 51. Nxe3 Rg3 52. a4 Rxe3+ 53. Kc4 Kg2 54. a5 h2 55. a6 Rh3 56. a7 Rxh7 57. a8Q+ Kg3 58. Qb8+ Kh3 59. Qa8 Rc7+ 60. Kb5 Rc1 61. Qh8+ Kg3 62. Qb8+ Kg2 63. Qf4 h1Q 64. Qxg4+ Kf2 65. Qf4+ Ke2 66. Qe5+ Kd3 67. Qg3+ Kd4 68. Qf4+ Kc3 69. Qe5+ Kxb3 70. Qe6+ Kb2 71. Qe5+ Rc3 72. Kb4 Qb7+ 73. Ka4 Qc6+ 74. Kb4 Qc4+ 75. Ka5 Qc5+ 0-1

[Event "Budapest FS12 IM"]
[Site "Budapest"]
[Date "2011.12.04"]
[Round "2"]
[White "Dolgener, Tobias"]
[Black "Katapodis, Argis Geras"]
[Result "1-0"]
[WhiteElo "2231"]
[BlackElo "2050"]
[PlyCount "74"]
[EventDate "2011.12.03"]
[EventType "tourn"]
[EventRounds "11"]
[EventCountry "HUN"]
[EventCategory "2"]
[SourceTitle "CBM 145 Extra"]
[Source "ChessBase"]
[SourceDate "2012.01.03"]
[SourceVersion "1"]
[SourceVersionDate "2012.01.03"]
[SourceQuality "1"]

1. e4 e5 2. Nf3 Nc6 3. Bb5 Nf6 4. d3 Bc5 5. c3 Qe7 6. Bg5 Bxf2+ 7. Kxf2 Qc5+ 8. Ke2 Qxb5 9. b4 Nxe4 10. c4 Qxb4 11. dxe4 Qxc4+ 12. Qd3 Qxd3+ 13. Kxd3 d6 14. Nc3 Be6 15. Rab1 f6 16. Rxb7 0-0-0 17. Rhb1 fxg5 18. Nxg5 Bg8 19. Nd5 Bxd5 20. exd5 Ne7 21. Ke4 Rhf8 22. Ne6 Rf4+ 23. Nxf4 exf4 24. Rxa7 Kd7 25. Rc1 Rc8 26. a4 g5 27. a5 Kd8 28. a6 c5 29. dxc6 d5+ 30. Kd3 Nxc6 31. Rb7 Ne5+ 32. Kd2 f3 33. a7 Nc4+ 34. Rxc4 dxc4 35. Rb8 c3+ 36. Kc2 f2 37. Rxc8+ Ke7 1-0

[Event "Budapest-chT1 Lilienthal 1112"]
[Site "Budapest"]
[Date "2011.11.20"]
[Round "3"]
[White "Kabai, Zsuzsanna"]
[Black "Dolgener, Tobias"]
[Result "1/2-1/2"]
[WhiteElo "2137"]
[BlackElo "2257"]
[PlyCount "31"]
[EventDate "2011.10.02"]
[EventType "team-tourn"]
[EventRounds "11"]
[EventCountry "HUN"]
[SourceTitle "EXT 2020"]
[Source "ChessBase"]
[SourceDate "2019.10.17"]
[SourceVersion "1"]
[SourceVersionDate "2019.10.17"]
[SourceQuality "1"]
[WhiteTeam "Barcza GSC"]
[BlackTeam "Fabulon"]
[WhiteTeamCountry "HUN"]
[BlackTeamCountry "HUN"]

1. d4 Nf6 2. Nf3 g6 3. c4 Bg7 4. Nc3 d5 5. Bg5 Ne4 6. cxd5 Nxg5 7. Nxg5 e6 8. Nf3 exd5 9. e3 c6 10. Bd3 0-0 11. b4 Bg4 12. Be2 Nd7 13. Rc1 b5 14. Nd2 Bxe2 15. Nxe2 Rc8 16. Nb3 1/2-1/2

[Event "Budapest FS09 IM"]
[Site "Budapest"]
[Date "2011.09.08"]
[Round "6"]
[White "Farago, Sandor"]
[Black "Dolgener, Tobias"]
[Result "1/2-1/2"]
[WhiteElo "2278"]
[BlackElo "2257"]
[PlyCount "25"]
[EventDate "2011.09.03"]
[EventType "tourn"]
[EventRounds "11"]
[EventCountry "HUN"]
[EventCategory "2"]
[SourceTitle "CBM 144 Extra"]
[Source "ChessBase"]
[SourceDate "2011.10.28"]
[SourceVersion "1"]
[SourceVersionDate "2011.10.28"]
[SourceQuality "1"]

1. e4 e5 2. Nf3 Nc6 3. Bb5 a6 4. Ba4 Nf6 5. 0-0 b5 6. Bb3 Be7 7. Re1 0-0 8. c3 d6 9. h3 Bb7 10. d4 Re8 11. Ng5 Rf8 12. Nf3 Re8 13. Ng5 1/2-1/2

[Event "Budapest FS09 IM"]
[Site "Budapest"]
[Date "2011.09.03"]
[Round "1"]
[White "Dolgener, Tobias"]
[Black "Horvath, David G"]
[Result "0-1"]
[WhiteElo "2257"]
[BlackElo "2349"]
[PlyCount "60"]
[EventDate "2011.09.03"]
[EventType "tourn"]
[EventRounds "11"]
[EventCountry "HUN"]
[EventCategory "2"]
[SourceTitle "CBM 144 Extra"]
[Source "ChessBase"]
[SourceDate "2011.10.28"]
[SourceVersion "1"]
[SourceVersionDate "2011.10.28"]
[SourceQuality "1"]

1. e4 e6 2. d4 d5 3. Nd2 c5 4. exd5 exd5 5. Bb5+ Bd7 6. Qe2+ Be7 7. dxc5 Nf6 8. Nb3 0-0 9. Be3 Re8 10. 0-0-0 a6 11. Bd3 a5 12. h3 a4 13. Nd4 Bxc5 14. Qf3 Nc6 15. Nxc6 Bxe3+ 16. Qxe3 bxc6 17. Qd4 a3 18. b3 Rb8 19. Nf3 Qa5 20. c4 c5 21. Qa1 Be6 22. Ne5 Qc7 23. g3 dxc4 24. Nxc4 Bxc4 25. Bxc4 Ne4 26. Rd5 Nxf2 27. Rg5 g6 28. Rf1 Qe7 29. h4 Qe1+ 30. Kc2 Re2+ 0-1

[Event "Budapest-chT1 Lilienthal 1011"]
[Site "Budapest"]
[Date "2010.10.03"]
[Round "2"]
[White "Dolgener, Tobias"]
[Black "Sumegi, Miklos Andras"]
[Result "1-0"]
[WhiteElo "2234"]
[BlackElo "2014"]
[PlyCount "49"]
[EventDate "2010.09.19"]
[EventType "team-tourn"]
[EventRounds "11"]
[EventCountry "HUN"]
[SourceTitle "EXT 2020"]
[Source "ChessBase"]
[SourceDate "2019.10.17"]
[SourceVersion "1"]
[SourceVersionDate "2019.10.17"]
[SourceQuality "1"]
[WhiteTeam "Fabulon"]
[BlackTeam "Vizugy II"]
[WhiteTeamCountry "HUN"]
[BlackTeamCountry "HUN"]

1. e4 d6 2. d4 g6 3. Nc3 Bg7 4. Nge2 Nc6 5. Be3 Bd7 6. Qd2 f5 7. exf5 Bxf5 8. Ng3 Bd7 9. d5 Ne5 10. f4 Ng4 11. Bd4 N8f6 12. Bd3 Nh6 13. 0-0 Nf5 14. Nxf5 Bxf5 15. Bxf5 gxf5 16. Rae1 h5 17. Re6 Kd7 18. Rfe1 Kc8 19. Rxe7 Ne4 20. R7xe4 fxe4 21. Bxg7 Rg8 22. Bh6 Qf6 23. Bg5 Qg7 24. Rxe4 b6 25. Re7 1-0

[Event "Budapest-chT1 Lilienthal 1011"]
[Site "Budapest"]
[Date "2010.09.19"]
[Round "1"]
[White "Letay, Gyula"]
[Black "Dolgener, Tobias"]
[Result "0-1"]
[WhiteElo "2089"]
[BlackElo "2234"]
[PlyCount "78"]
[EventDate "2010.09.19"]
[EventType "team-tourn"]
[EventRounds "11"]
[EventCountry "HUN"]
[SourceTitle "EXT 2020"]
[Source "ChessBase"]
[SourceDate "2019.10.17"]
[SourceVersion "1"]
[SourceVersionDate "2019.10.17"]
[SourceQuality "1"]
[WhiteTeam "Budapest Vasas II"]
[BlackTeam "Fabulon"]
[WhiteTeamCountry "HUN"]
[BlackTeamCountry "HUN"]

1. e4 c5 2. Nc3 Nc6 3. g3 e6 4. Bg2 a6 5. Nge2 b5 6. d4 b4 7. d5 Nce7 8. Na4 exd5 9. exd5 d6 10. 0-0 Ra7 11. b3 Nf6 12. c4 g6 13. Bb2 Bg7 14. Re1 0-0 15. h3 h5 16. Nf4 Re8 17. Qf3 Bd7 18. Ne6 fxe6 19. Bxf6 e5 20. Bxg7 Kxg7 21. g4 hxg4 22. hxg4 Rf8 23. Qg3 Bxa4 24. bxa4 Qd7 25. a5 Rf4 26. Re4 g5 27. Qh3 Ng6 28. Qh5 Qd8 29. f3 Rf8 30. Qh2 Qxa5 31. Qg3 Raf7 32. Re3 Nh4 33. Qf2 Rf4 34. Qe2 R8f7 35. Rf1 Qb6 36. Rf2 a5 37. Qd1 Rxc4 38. Re4 Rxe4 39. fxe4 c4 0-1

[Event "HUN-chT2 Charousek 0203"]
[Site "Hungary"]
[Date "2003.03.23"]
[Round "9.6"]
[White "Dolgener, Tobias"]
[Black "Veress, Robert"]
[Result "1/2-1/2"]
[WhiteElo "2255"]
[BlackElo "2182"]
[PlyCount "23"]
[EventDate "2002.09.22"]
[EventType "team"]
[EventRounds "11"]
[EventCountry "HUN"]
[SourceTitle "EXT 2004"]
[Source "ChessBase"]
[SourceDate "2003.11.25"]
[SourceVersion "1"]
[SourceVersionDate "2003.11.25"]
[SourceQuality "1"]
[WhiteTeam "Penzugyor"]
[BlackTeam "Szenna Pack"]
[WhiteTeamCountry "HUN"]
[BlackTeamCountry "HUN"]

1. e4 c5 2. Nf3 e6 3. d4 cxd4 4. Nxd4 a6 5. Bd3 Nf6 6. 0-0 d6 7. c4 b6 8. Nc3 Bb7 9. Qe2 g6 10. f4 Nbd7 11. f5 Qe7 12. fxe6 1/2-1/2

[Event "HUN-chT2 Charousek 0203"]
[Site "Hungary"]
[Date "2002.10.13"]
[Round "2.5"]
[White "Dolgener, Tobias"]
[Black "Kasa, Krisztian"]
[Result "1/2-1/2"]
[WhiteElo "2255"]
[BlackElo "2115"]
[PlyCount "38"]
[EventDate "2002.09.22"]
[EventType "team"]
[EventRounds "11"]
[EventCountry "HUN"]
[SourceTitle "EXT 2004"]
[Source "ChessBase"]
[SourceDate "2003.11.25"]
[SourceVersion "1"]
[SourceVersionDate "2003.11.25"]
[SourceQuality "1"]
[WhiteTeam "Penzugyor"]
[BlackTeam "Lenti"]
[WhiteTeamCountry "HUN"]
[BlackTeamCountry "HUN"]

1. e4 d5 2. exd5 Nf6 3. d4 Nxd5 4. c4 Nb6 5. Nf3 Bg4 6. c5 N6d7 7. Qb3 Nc6 8. d5 Bxf3 9. Qxf3 Nd4 10. Qe4 e5 11. dxe6 Nxe6 12. Qxb7 Nexc5 13. Qd5 Bd6 14. Bb5 0-0 15. Bxd7 Qxd7 16. Be3 Rfe8 17. Nc3 Rad8 18. 0-0-0 Na4 19. Ne4 Nb6 1/2-1/2

[Event "HUN-chT2 0102"]
[Site "Hungary"]
[Date "2002.03.24"]
[Round "9"]
[White "Dolgener, Tobias"]
[Black "Barva, Attila"]
[Result "1/2-1/2"]
[WhiteElo "2241"]
[BlackElo "2339"]
[PlyCount "65"]
[EventDate "2001.??.??"]
[EventType "team"]
[EventRounds "11"]
[EventCountry "HUN"]
[SourceTitle "EXT 2004"]
[Source "ChessBase"]
[SourceDate "2003.11.25"]
[SourceVersion "1"]
[SourceVersionDate "2003.11.25"]
[SourceQuality "1"]

1. e4 e6 2. Nf3 d5 3. e5 a6 4. d4 c5 5. c3 Nc6 6. a3 c4 7. Be2 Nge7 8. 0-0 Ng6 9. Ne1 f5 10. exf6 Qxf6 11. f4 Bd6 12. g3 Bd7 13. Nd2 0-0-0 14. Ng2 h5 15. h4 Nge7 16. Nf3 Nf5 17. Kh2 Na5 18. Be3 Nb3 19. Rb1 Rdf8 20. Ne5 Be8 21. Bxc4 dxc4 22. Nxc4 Bc7 23. Qxb3 Bc6 24. Bf2 Bxg2 25. Kxg2 Nxh4+ 26. gxh4 Qxf4 27. Ne5 Qe4+ 28. Kg1 Rh6 29. Bg3 Qe3+ 30. Kg2 Qe2+ 31. Kg1 Qe3+ 32. Kg2 Qe2+ 33. Kg1 1/2-1/2

[Event "HUN-chT2 0102"]
[Site "Hungary"]
[Date "2002.02.10"]
[Round "7"]
[White "Kovacs, Tamas"]
[Black "Dolgener, Tobias"]
[Result "0-1"]
[WhiteElo "2209"]
[BlackElo "2241"]
[PlyCount "80"]
[EventDate "2001.??.??"]
[EventType "team"]
[EventRounds "11"]
[EventCountry "HUN"]
[SourceTitle "EXT 2004"]
[Source "ChessBase"]
[SourceDate "2003.11.25"]
[SourceVersion "1"]
[SourceVersionDate "2003.11.25"]
[SourceQuality "1"]

1. d4 Nf6 2. c4 g6 3. Nc3 d5 4. Nf3 Bg7 5. Bg5 Ne4 6. Bh4 Nxc3 7. bxc3 dxc4 8. Qa4+ Qd7 9. Qxc4 b6 10. e4 Ba6 11. Qd5 Qxd5 12. exd5 Bxf1 13. Kxf1 Nd7 14. Ke2 f6 15. Rhe1 Kf7 16. Kf1 Rhd8 17. Re2 Rac8 18. Rae1 Bf8 19. Re6 Nb8 20. c4 c6 21. dxc6 Nxc6 22. c5 Nxd4 23. Nxd4 Rxd4 24. Bg3 Rxc5 25. Bb8 Ra4 26. R6e2 Rca5 27. Rd2 Rxa2 28. Rd7 Ra1 29. Rb7 b5 30. Bd6 Rxe1+ 31. Kxe1 Ra2 32. Bc5 a6 33. Ra7 h5 34. g3 g5 35. Ra8 g4 36. Kf1 f5 37. Ra7 Ke6 38. Bb4 Ra4 39. Bc3 Bh6 40. Rb7 Bg5 0-1

[Event "HUN-chT2 0102"]
[Site "Hungary"]
[Date "2001.09.30"]
[Round "1"]
[White "Dolgener, Tobias"]
[Black "Sleisz, Tamas"]
[Result "1-0"]
[WhiteElo "2241"]
[BlackElo "2241"]
[PlyCount "41"]
[EventDate "2001.??.??"]
[EventType "team"]
[EventRounds "11"]
[EventCountry "HUN"]
[SourceTitle "EXT 2004"]
[Source "ChessBase"]
[SourceDate "2003.11.25"]
[SourceVersion "1"]
[SourceVersionDate "2003.11.25"]
[SourceQuality "1"]

1. e4 c5 2. Nf3 d6 3. c3 Nf6 4. Be2 Nc6 5. d4 cxd4 6. cxd4 e5 7. d5 Nb8 8. 0-0 Be7 9. Nc3 0-0 10. h3 Na6 11. Be3 Ne8 12. Rc1 f5 13. exf5 Bxf5 14. Qb3 Qd7 15. Bb5 Qd8 16. Nxe5 Bg5 17. Nc6 Qf6 18. Bxa6 bxa6 19. Qb7 Rc8 20. Bxg5 Qxg5 21. f4 1-0